| 000 | 00757nam a2200205 a 4500 | ||
|---|---|---|---|
| 003 | 0 | ||
| 005 | 20250307120302.0 | ||
| 008 | 090728s19uu xx 00 eng d | ||
| 050 |
_aPHS RJ 506.A9 _b.P235 2009 |
||
| 100 | _aPark, Kyung Min. | ||
| 245 |
_aAutism and the social skills of siblings / _cKyung Min Park. |
||
| 260 |
_aLas PiƱas City, Philippines : _bSouthville International School and Colleges, _c2009. |
||
| 300 |
_a41 pages : _billustrations ; _c28 cm. |
||
| 504 | _aIncludes bibliographical references. | ||
| 650 |
_aAutism in children _xFamily relationships. |
||
| 650 | _aSiblings of children with disabilities. | ||
| 650 | _aSocial skills in children. | ||
| 650 |
_aAutism spectrum disorders _xPsychological aspects. |
||
| 942 |
_2lcc _cPASS |
||
| 999 |
_c98312 _d98312 |
||